Normal view
MARC view
- Johnson S
Entry Personal Name
001 - CONTROL NUMBER
- control field: 215150
003 - CONTROL NUMBER IDENTIFIER
- control field: OSt
005 - DATE AND TIME OF LATEST TRANSACTION
- control field: 20251120142421.0
008 - FIXED-LENGTH DATA ELEMENTS
- fixed length control field: 251120|| aca||aabn | a|a d
040 ## - CATALOGING SOURCE
- Original cataloging agency: OSt
- Transcribing agency: OSt
100 ## - HEADING--PERSONAL NAME
- Personal name: Johnson S
670 ## - SOURCE DATA FOUND
- Source citation: Work cat.: (OSt)92877: Johnson S, Who Moved My Cheese ?, 1998